| 000 | 00641nam a2200217Ia 4500 | ||
|---|---|---|---|
| 003 | OSt | ||
| 005 | 20250205171615.0 | ||
| 008 | 210210b2016 xxu||||| |||| 00| 0 eng d | ||
| 020 | _a9788170288046 | ||
| 040 | _cAL | ||
| 041 | _ahin | ||
| 082 | _aH891.309 MISH | ||
| 100 |
_aMISHR (Bhagvatisharan) _9197975 |
||
| 110 |
_bमिश्र (भगवतीशरण) _9197976 |
||
| 245 |
_aHindi ke chitrit upanyaskar: _bहिंदी के चित्रित उपन्यासकार |
||
| 260 |
_aDilli _bRajpal & Sons _c2016 |
||
| 300 | _a480 | ||
| 690 |
_aHindi Criticism _9197977 |
||
| 906 | _a072530 | ||
| 942 |
_2ddc _cREF |
||
| 999 |
_c122365 _d122365 |
||